000 01313nam1a2200313 i 4500
001 RU\NLR\bibl\130113
005 20260405133322.0
035 _a(NLR Aleph) 000127462
090 _a727241
_c727241
100 _a20010124g20009999u y0rusy50 ca
101 0 _arus
102 _aRU
105 _aa |||||||||
200 1 _aХроники Российской Саньясы
_fВладислав Лебедько
210 _aМ.
_cИн-т Общегуманит. Исслед.
_aСПб.
_cУнив. кн.
_d2000
215 _d20
225 1 _aИз жизни Российских мистиков
300 _aНа обл. загл. сер.: Из жизни Российских мистиков (1970-х-1990-х)
463 0 _1001124258
606 _aПознание мистическое
_jПопулярная литература
_92132480
_3RU\NLR\auth\661286361
606 _aПознание мистическое
_jПопулярные издания
_92132480
_3RU\NLR\auth\661286361
686 _aЮ225.60я9
686 _aЮ96я9
700 1 _4070
_8rus
_7ca
_aЛебедько
_bВ. Е.
_f1966-
_gВладислав Евгеньевич
_3RU\NLR\auth\7754035
_936967
801 0 _aRU
_bNLR
_c20010124
_gPSBO
801 1 _aRU
_bNLR
_c20010124
852 _aNLR
_j2000-3/16819
942 _cBOOK